<?xml version="1.0" encoding="UTF-8"?>
<record
    xmlns:xsi="http://www.w3.org/2001/XMLSchema-instance"
    xsi:schemaLocation="http://www.loc.gov/MARC21/slim http://www.loc.gov/standards/marcxml/schema/MARC21slim.xsd"
    xmlns="http://www.loc.gov/MARC21/slim">

  <leader>00804nam a22001937a 4500</leader>
  <controlfield tag="005">20240822152346.0</controlfield>
  <datafield tag="010" ind1=" " ind2=" ">
    <subfield code="a">HIN-128298</subfield>
  </datafield>
  <datafield tag="020" ind1=" " ind2=" ">
    <subfield code="a">9788195264339</subfield>
    <subfield code="c">399.00</subfield>
  </datafield>
  <datafield tag="035" ind1=" " ind2=" ">
    <subfield code="a">HN-100644</subfield>
  </datafield>
  <datafield tag="037" ind1=" " ind2=" ">
    <subfield code="b">DBAD</subfield>
  </datafield>
  <datafield tag="082" ind1=" " ind2=" ">
    <subfield code="a">821.08</subfield>
    <subfield code="2">1</subfield>
  </datafield>
  <datafield tag="100" ind1=" " ind2=" ">
    <subfield code="a">&#x928;&#x92B;&#x93C;&#x940;&#x938;, &#x92A;&#x94D;&#x930;&#x92E;&#x94B;&#x926; &#x936;&#x93E;&#x939; </subfield>
    <subfield code="9">70435</subfield>
  </datafield>
  <datafield tag="245" ind1=" " ind2=" ">
    <subfield code="a">&#x932;&#x949;&#x915;&#x921;&#x93E;&#x909;&#x928; &#x92E;&#x947;&#x902; &#x91C;&#x940;&#x935;&#x928;-&#x938;&#x902;&#x917;&#x940;&#x924;&#x93E;/</subfield>
    <subfield code="c">&#x932;&#x947;&#x916;&#x915; &#x92A;&#x94D;&#x930;&#x92E;&#x94B;&#x926; &#x936;&#x93E;&#x939; &#x928;&#x92B;&#x93C;&#x940;&#x938;</subfield>
  </datafield>
  <datafield tag="260" ind1=" " ind2=" ">
    <subfield code="b">&#x936;&#x948;&#x932;&#x940; &#x92A;&#x92C;&#x94D;&#x932;&#x93F;&#x915;&#x947;&#x936;&#x928;&#x938; </subfield>
    <subfield code="a">&#x915;&#x94B;&#x932;&#x915;&#x93E;&#x924;&#x93E; </subfield>
    <subfield code="c">2024</subfield>
  </datafield>
  <datafield tag="270" ind1=" " ind2=" ">
    <subfield code="a">14, &#x91A;&#x93E;&#x902;&#x926;&#x928;&#x940; &#x91A;&#x94C;&#x915; &#x938;&#x94D;&#x91F;&#x94D;&#x930;&#x940;&#x91F;,</subfield>
    <subfield code="b">&#x915;&#x94B;&#x932;&#x915;&#x93E;&#x924;&#x93E; </subfield>
    <subfield code="e">700007</subfield>
    <subfield code="k">9831880860</subfield>
  </datafield>
  <datafield tag="300" ind1=" " ind2=" ">
    <subfield code="a">237&#x92A;&#x943;.;</subfield>
    <subfield code="c">22 &#x938;&#x947;&#x92E;&#x940; (&#x938;&#x91C;&#x93F;&#x932;&#x94D;&#x926;)</subfield>
  </datafield>
  <datafield tag="700" ind1=" " ind2=" ">
    <subfield code="9">70402</subfield>
  </datafield>
  <datafield tag="942" ind1=" " ind2=" ">
    <subfield code="a">DPL</subfield>
    <subfield code="c">HN</subfield>
    <subfield code="2">ddc</subfield>
    <subfield code="h">821.08</subfield>
    <subfield code="m">&#x928;&#x92B;&#x93C;&#x940;&#x938;</subfield>
  </datafield>
  <datafield tag="999" ind1=" " ind2=" ">
    <subfield code="c">205210</subfield>
    <subfield code="d">205210</subfield>
  </datafield>
  <datafield tag="952" ind1=" " ind2=" ">
    <subfield code="0">0</subfield>
    <subfield code="1">0</subfield>
    <subfield code="4">0</subfield>
    <subfield code="7">0</subfield>
    <subfield code="8">NFIC</subfield>
    <subfield code="a">BL1</subfield>
    <subfield code="b">BL1</subfield>
    <subfield code="d">2024-08-22</subfield>
    <subfield code="e">DBAD</subfield>
    <subfield code="g">399.00</subfield>
    <subfield code="l">1</subfield>
    <subfield code="o">821.08 &#x928;&#x92B;&#x93C;&#x940;&#x938;</subfield>
    <subfield code="p">HN-100644</subfield>
    <subfield code="r">2024-10-21 00:00:00</subfield>
    <subfield code="s">2024-10-14</subfield>
    <subfield code="t">1</subfield>
    <subfield code="v">399.00</subfield>
    <subfield code="w">2024-08-22</subfield>
    <subfield code="y">HN</subfield>
  </datafield>
</record>
